Une idée, un animé - Statistiques

Statistiques générales
  • Ce quiz a été pris 1 543 fois
  • Le résultat moyen est 17 sur 43
Statistiques - réponses
Hint Réponse % Correct
L Death Note
97%
Pirate élastique One Piece
96%
Kyubi Naruto
93%
Kamehameha Dragon Ball
91%
Je vais tuer tous les titans ! Shingeki No Kyujin
85%
Je ne peux plus rien manger ... sauf des gens ... et du café Tokyo Ghoul
80%
Shinigami Bleach
79%
J'ai pas de super-pouvoirs, et alors ? Boku No Hero Academia
78%
La ville est en danger ? J'arrive ! Mais d'abord, je règle son compte à ce put*** de moustique ! One-Punch Man
78%
Je deviendrai le GDO : Great Driver Onizuka ! GTO : Great Teacher Onizuka
74%
Oups, j'ai cassé la Lune Assassination Classroom
68%
Maladie des transports Fairy Tail
62%
"Hyper-vitesse !" Beyblade
61%
On ne peut ressuciter feu sa mère Fullmetal Alchemist
58%
NerveGear Sword Art Online
55%
Vous êtes morts. Maintenant, ça vous dirait de jouer aux fléchettes ? Death Parade
41%
Joueur Fantôme Kuroko No Basket
34%
Dieu en survêtements Noragami
34%
Je vous ai à l'oeil (au sens littéral) Code Geass
33%
Pile, je perds ; Face, tu gagnes. Tranche, j'ai gagné ! No Game No Life
33%
Taiga Toradora
32%
"Tu es déjà mort, mais tu ne le sais pas encore" Ken le survivant
31%
Front-de-l'au-delà (SSS) Angel beats
28%
Prison et parc d'attraction Deadman Wonderland
21%
Incursio ! Akame Ga Kill
20%
Deux Ex machina Mirai Nikki
20%
Système Sybil Psycho-Pass
18%
"Ta banane est toute molle et visqueuse" Stein's Gate
18%
Moitié de ciseaux Kill La Kill
17%
Mon deuxième oeil peut voir le Mort Another
16%
La Grande Famille Dango Clannad
16%
Void Guilty Crown
14%
Croisée masochiste Konosuba
14%
Deuil d'enfance AnoHana
12%
Amanto Gintama
12%
Présidente, mais surtout Maid Kaichou Wa Maid Sama
12%
deux soeurs jumelles pour un demi-frère Kiss x Sis
11%
Giftia Plastic memories
9%
Diclonius Elfen lied
8%
Une histoire d'amour se finit toujours bien ? Vous êtes sûr ?? Vraiment sûr ??? School Days
8%
Des petites filles très mignonnes, et beaucoup de jus de myrtille Higurashi No Naku Koro Ni
2%
Si vous êtes un humain, passez votre chemin. Par contre, si vous êtes un extra-terrestre, un voyageur dans le temps ou un esper, je suis toute ouïe. La mélancholie de Suzumiya Haruhi
2%
Canibalisme incestueux Pupa
2%
Aucun quiz correspondant
Distribution des résultats
% des personnes avec chaque résultat
Percentile par nombre de réponses
Votre historique - résultats
Vous n’avez pas pris ce quiz